Naghamāt-i Furāt (Record no. 50549)

MARC details
000 -LEADER
fixed length control field 00694cam a22002171 4500
001 - CONTROL NUMBER
control field ne 68002542
003 - CONTROL NUMBER IDENTIFIER
control field DLC
005 - DATE AND TIME OF LATEST TRANSACTION
control field 20260227111844.0
008 - FIXED-LENGTH DATA ELEMENTS--GENERAL INFORMATION
fixed length control field 821119s1957 ir c 000 0 perr
010 ## - LIBRARY OF CONGRESS CONTROL NUMBER
LC control number ne 68002542
035 ## - SYSTEM CONTROL NUMBER
System control number (OCoLC)8972794
040 ## - CATALOGING SOURCE
Original cataloging agency DLC
Transcribing agency WaU
Modifying agency WaU
-- DLC
050 00 - LIBRARY OF CONGRESS CALL NUMBER
Classification number PK6561
Item number .F77 1957
100 1# - MAIN ENTRY--PERSONAL NAME
Personal name Furāt, ʻAbbās.
245 10 - TITLE STATEMENT
Title Naghamāt-i Furāt
Statement of responsibility, etc. [az] ʻAbbās Furāt.
260 ## - PUBLICATION, DISTRIBUTION, ETC.
Place of publication, distribution, etc. [Ṭihrān,
Date of publication, distribution, etc. muqqadamah 1336 (1957)].
300 ## - PHYSICAL DESCRIPTION
Extent 7, 248 p.
Other physical details port.
Dimensions 22 cm.
500 ## - GENERAL NOTE
General note At head of title: Dīvān-i sivvum.
505 0# - FORMATTED CONTENTS NOTE
Formatted contents note Qaṭaʻāt - Rubaʻiyāt - Qaṣāʼid - Mas̲navī - Tarjīʻ - Ghazaliyāt - Dīgar sukhanān.
740 0# - ADDED ENTRY--UNCONTROLLED RELATED/ANALYTICAL TITLE
Uncontrolled related/analytical title Dīvān-i sivvum.

No items available.

Powered by Koha